| 000 | 00751nam a2200253 a 4500 | ||
|---|---|---|---|
| 001 | 62265 | ||
| 003 | BD-RjUL | ||
| 005 | 20211209081049.0 | ||
| 008 | 170123s2001 gw ab b 000 0 eng | ||
| 020 | _a3907622340 | ||
| 035 | _a(BD-RjUL)62391 | ||
| 040 |
_aDLC _cDLC _dBD-RjUL _beng |
||
| 041 | 1 |
_aeng _hger |
|
| 082 | 0 | 0 |
_a792.09494 _223 _bSCT 2001 |
| 100 | 1 |
_aSchläpfer, Beat. _9185180 |
|
| 245 | 1 | 0 |
_aTheatre in Switzerland : _bfive centuries of stagecraft / _cBeat Schläpfer. |
| 250 | _a2nd ed. | ||
| 260 |
_aZürich : _bPro Helvetia, _c2001. |
||
| 300 |
_a140 p. : _bill. ; _c21 cm. |
||
| 504 | _aIncludes bibliographical references | ||
| 650 | 0 |
_aTheater _zSwitzerland _xHistory. _9185181 |
|
| 942 |
_2ddc _cBK |
||
| 999 |
_c62265 _d62265 |
||